<?xml version="1.0" encoding="UTF-8"?>
<record
    xmlns:xsi="http://www.w3.org/2001/XMLSchema-instance"
    xsi:schemaLocation="http://www.loc.gov/MARC21/slim http://www.loc.gov/standards/marcxml/schema/MARC21slim.xsd"
    xmlns="http://www.loc.gov/MARC21/slim">

  <leader>01713nam a2200193 a 4500</leader>
  <controlfield tag="001">000032357</controlfield>
  <controlfield tag="005">20240412074256.0</controlfield>
  <controlfield tag="008">110714t1908    dr      r     001 p spa d</controlfield>
  <datafield tag="040" ind1=" " ind2=" ">
    <subfield code="a">DO-SdBNP</subfield>
    <subfield code="b">spa</subfield>
    <subfield code="c">BNPHU</subfield>
  </datafield>
  <datafield tag="082" ind1=" " ind2=" ">
    <subfield code="a">RD861.3</subfield>
    <subfield code="b">D353g</subfield>
  </datafield>
  <datafield tag="100" ind1="1" ind2=" ">
    <subfield code="a">Deligne, Gast&#xF3;n F.,</subfield>
    <subfield code="d">1861-1913</subfield>
    <subfield code="9">23674</subfield>
  </datafield>
  <datafield tag="245" ind1="1" ind2="0">
    <subfield code="a">Galaripsos /</subfield>
    <subfield code="c">Gast&#xF3;n F. Deligne.</subfield>
  </datafield>
  <datafield tag="260" ind1=" " ind2=" ">
    <subfield code="a">Santo Domingo :</subfield>
    <subfield code="b">Imp. Cuna de Am&#xE9;rica,</subfield>
    <subfield code="c">1908.</subfield>
  </datafield>
  <datafield tag="300" ind1=" " ind2=" ">
    <subfield code="a">216 p. ;</subfield>
    <subfield code="c">17 cm.</subfield>
  </datafield>
  <datafield tag="505" ind1="0" ind2=" ">
    <subfield code="g">Portada --</subfield>
    <subfield code="t">Los Galaripsos --</subfield>
    <subfield code="t">Arriba el pabell&#xF3;n --</subfield>
    <subfield code="t">Quisqueyana --</subfield>
    <subfield code="t">Frente al retrato de la Sta F. de Castro --</subfield>
    <subfield code="t">A la Sta Rosa Pacheco --</subfield>
    <subfield code="t">Maireni --</subfield>
    <subfield code="t">La nueva Jerusalen! --</subfield>
    <subfield code="t">Angustias --</subfield>
    <subfield code="t">En el d&#xED;a de San Francisco Javier --</subfield>
    <subfield code="t">La aparici&#xF3;n --</subfield>
    <subfield code="t">De luto --</subfield>
    <subfield code="t">Queiros --</subfield>
    <subfield code="t">Valle de l&#xE1;grimas --</subfield>
    <subfield code="t">Canto nupcial --</subfield>
    <subfield code="t">Quid divinum...! --</subfield>
    <subfield code="t">Hombre y mujer --</subfield>
    <subfield code="t">Romanza --</subfield>
    <subfield code="t">A la memoria del Padre Billini --</subfield>
    <subfield code="t">Ciencia y arte --</subfield>
    <subfield code="t">In good we trust --</subfield>
    <subfield code="t">La hija de Col&#xF3;n --</subfield>
    <subfield code="t">Confidencias de Cristina --</subfield>
    <subfield code="t">El silfo --</subfield>
    <subfield code="t">De la selva --</subfield>
    <subfield code="t">Aniquilamiento --</subfield>
    <subfield code="t">Subjetiva --</subfield>
    <subfield code="t">Ars Nova Scribendi --</subfield>
    <subfield code="t">Muerta --</subfield>
    <subfield code="t">En el botado --</subfield>
    <subfield code="t">Mensaje postal --</subfield>
    <subfield code="t">Moneda --</subfield>
    <subfield code="t">En la muerte de Jos&#xE9; Joaqu&#xED;n P&#xE9;rez --</subfield>
    <subfield code="t">Cantiga --</subfield>
    <subfield code="t">Ritmos --</subfield>
    <subfield code="t">Justicia galante --</subfield>
    <subfield code="t">Peregrinando --</subfield>
    <subfield code="t">De humor --</subfield>
    <subfield code="t">Eugenio Mar&#xED;a de Hostos --</subfield>
    <subfield code="t">Madrigal y mon&#xF3;strofe --</subfield>
    <subfield code="t">De fotografias --</subfield>
    <subfield code="t">Su ni&#xF1;o --</subfield>
    <subfield code="t">Invernal --</subfield>
    <subfield code="t">Spectra --</subfield>
    <subfield code="t">La hora de Endimi&#xF3;n --</subfield>
    <subfield code="t">Cartas --</subfield>
    <subfield code="t">Mon&#xF3;strofe --</subfield>
    <subfield code="t">Buc&#xF3;lica --</subfield>
    <subfield code="t">Miliunanochesca --</subfield>
    <subfield code="t">N&#xFA;bil --</subfield>
    <subfield code="t">Genealog&#xED;a --</subfield>
    <subfield code="t">La chispa --</subfield>
    <subfield code="t">Soneto --</subfield>
    <subfield code="t">Entrem&#xE9;s ol&#xED;mpico --</subfield>
    <subfield code="t">Ololoi! --</subfield>
    <subfield code="t">A S. M. la Reina Carmelita I --</subfield>
    <subfield code="t">Del pat&#xED;bulo --</subfield>
    <subfield code="t">Baladas de las tentaciones --</subfield>
    <subfield code="t">Ante la bandera.</subfield>
  </datafield>
  <datafield tag="650" ind1=" " ind2="0">
    <subfield code="a">Poes&#xED;a dominicana</subfield>
    <subfield code="9">66</subfield>
  </datafield>
  <datafield tag="650" ind1=" " ind2="0">
    <subfield code="a">Literatura dominicana.</subfield>
    <subfield code="9">67</subfield>
  </datafield>
  <datafield tag="910" ind1=" " ind2=" ">
    <subfield code="a">Validado. Control de calidad. EMS</subfield>
  </datafield>
  <datafield tag="952" ind1=" " ind2=" ">
    <subfield code="0">0</subfield>
    <subfield code="1">0</subfield>
    <subfield code="5">0</subfield>
    <subfield code="7">1</subfield>
    <subfield code="8">RV</subfield>
    <subfield code="a">PD</subfield>
    <subfield code="b">PD</subfield>
    <subfield code="c">HD</subfield>
    <subfield code="d">2011-07-14</subfield>
    <subfield code="i">LF1</subfield>
    <subfield code="l">0</subfield>
    <subfield code="o">RD861.3 D353g</subfield>
    <subfield code="p">32357-10</subfield>
    <subfield code="r">2020-06-25</subfield>
    <subfield code="w">2020-06-25</subfield>
    <subfield code="y">1</subfield>
    <subfield code="z">Perteneci&#xF3; a la biblioteca personal de Mart&#xED;nez Boog</subfield>
    <subfield code="Z">No se presta</subfield>
  </datafield>
  <datafield tag="999" ind1=" " ind2=" ">
    <subfield code="c">31848</subfield>
    <subfield code="d">31848</subfield>
  </datafield>
</record>
